Temps de joc : butlletí informatiu de l'esport butlletí informatiu de l'esport
Descripción Física:
5 volums : il·lustracions, periodicitat quadrimestral ; 30 cm
Materias:
Barcelona (Catalunya : Província). -- Centre d'Iniciatives i Recursos Esportius
; Barcelona (Catalunya : Província). -- Diputació -- Revistes
; Esports -- Administració -- Catalunya -- Revistes
; Esports -- Catalunya -- Revistes
; Revistes
Idioma:
Catalán
MARC
| LEADER | 00000nas a2200000 a 4500 | ||
|---|---|---|---|
| 001 | 13312, 12161, 12162, 12163, 12421 | ||
| 003 | Arxiu | ||
| 005 | 20260324181044.0 | ||
| 008 | 160829d19912002spctr p s a cat c 000 0 cat d | ||
| 008 | 160829s9999 xx 000 0 cat d | ||
| 017 | |a DL B. 15642-1991 | ||
| 022 | |a 1131-852X | ||
| 040 | |a AGDB | ||
| 080 | |a Revistes. |x L'any 2000, pendent de relligar | ||
| 245 | 0 | 0 | |a Temps de joc : |b butlletí informatiu de l'esport |
| 246 | 1 | 3 | |a Temps de joc : |b revista de l'esport per a tothom. |
| 260 | |a Barcelona : |b Diputació de Barcelona, CIRE, Servei d'Esports, |c 1991-2002 | ||
| 300 | |a 5 volums : |b il·lustracions, periodicitat quadrimestral ; |c 30 cm | ||
| 310 | |a Quadrimestral | ||
| 362 | |a 1 (abr. 1991)-9 (març 1994) ; núm. 1 (gen./febr. 1996)- | ||
| 500 | |a Coordinador: Servei d'Esports (primera etapa). Direcció: Montserrat García (segona etapa) | ||
| 590 | |a 3 núms. l'any, trimestral i bimestral. | ||
| 590 | |a A partir de 1996 el subtítol varia: revista de l'esport per a tothom. | ||
| 590 | |a Bibliografia. | ||
| 590 | |a A partir de l'any 2000, les dimensions varien: 30-42 cm | ||
| 610 | 1 | 0 | |a Barcelona (Catalunya : Província). |b Centre d'Iniciatives i Recursos Esportius |9 55430 |
| 610 | 1 | 0 | |a Barcelona (Catalunya : Província). |b Diputació |v Revistes |9 54166 |
| 650 | 0 | |a Esports |x Administració |9 34042 |z Catalunya |v Revistes | |
| 650 | |a Esports |x Catalunya |x Revistes |9 34043 | ||
| 655 | 0 | |9 55823 |a Revistes | |
| 710 | 1 | |a Barcelona (Catalunya : Província). |b Servei d'Esports |9 53772 |e entitat editora | |
| 710 | 1 | |a Barcelona (Catalunya : Província). |b Centre d'Iniciatives i Recursos Esportius |9 55430 |e entitat editora | |
| 866 | |a 1991-1994 (1-9, monogràfic) | ||
| 866 | |a 1996 (1-6) | ||
| 866 | |a 1997(7-12) | ||
| 866 | |a 1998 (13-18) | ||
| 866 | |a 1999 (19-24) | ||
| 866 | |a 2000 (25-27) | ||
| 866 | |a 2001(28-29) | ||
| 866 | |a 2002 (30) | ||
| 901 | |a Arxiu | ||
| 942 | |n 1 |2 udc |c REV | ||
| 952 | |0 0 |1 0 |4 0 |6 REV541 |7 1 |9 46354 |a Arxiu |b Arxiu |d 2016-12-01 |h Núm. 1 (abril 1991) - Núm. 9 (març 1994) |o Rev-541 |p 13312 |r 2016-12-01 00:00:00 |w 2016-12-01 |y ARXIU |x L'any 2000, pendent de relligar | ||
| 952 | |0 0 |1 0 |4 0 |6 REV542 |7 1 |9 65172 |a Arxiu |b Arxiu |d 2023-01-31 |h Núm. 1 (gener/febrer 1996) - Núm. 6 (novembre/desembre 1996) |o Rev-542 |p 12161 |r 2023-01-31 00:00:00 |w 2023-01-31 |y ARXIU | ||
| 952 | |0 0 |1 0 |4 0 |6 REV543 |7 1 |9 65173 |a Arxiu |b Arxiu |d 2023-01-31 |h Núm. 7 (gener/febrer 1997) - Núm. 12 (novembre/desembre 1997) |l 0 |o Rev-543 |p 12162 |r 2023-01-31 00:00:00 |w 2023-01-31 |y ARXIU | ||
| 952 | |0 0 |1 0 |4 0 |6 REV544 |7 1 |9 65174 |a Arxiu |b Arxiu |d 2023-01-31 |h Núm. 13 (gener/febrer 1998) - Núm. 18 (novembre/desembre 1998) |o Rev-544 |p 12163 |r 2023-01-31 00:00:00 |w 2023-01-31 |y ARXIU | ||
| 952 | |0 0 |1 0 |4 0 |6 REV545 |7 1 |9 65175 |a Arxiu |b Arxiu |d 2023-01-31 |h Núm. 19 (gener/febrer 1998) - Núm. 24 (novembre/desembre 1999) |l 0 |o Rev-545 |p 12421 |r 2023-01-31 00:00:00 |w 2023-01-31 |y ARXIU | ||
| 999 | |c 50139 |d 50139 | ||